Black and white digital photography / (Record no. 33366)

MARC details
000 -LEADER
fixed length control field 01075cam a22002897a 4500
005 - DATE AND TIME OF LATEST TRANSACTION
control field 20230901102233.0
008 - FIXED-LENGTH DATA ELEMENTS--GENERAL INFORMATION
fixed length control field 110301s2011 inua 001 0 eng d
010 ## - LIBRARY OF CONGRESS CONTROL NUMBER
LC control number 2011924134
020 ## - INTERNATIONAL STANDARD BOOK NUMBER
ISBN 9780470421932 (pbk.)
020 ## - INTERNATIONAL STANDARD BOOK NUMBER
ISBN 0470421932 (pbk.)
035 ## - SYSTEM CONTROL NUMBER
System control number (OCoLC)ocn298776017
040 ## - CATALOGING SOURCE
Original cataloging agency BTCTA
Transcribing agency BTCTA
Modifying agency YDXCP
-- UKMGB
-- VUE
-- DPL
-- VP@
-- BKX
-- G7G
-- DLC
042 ## - AUTHENTICATION CODE
Authentication code lccopycat
082 04 - DEWEY DECIMAL CLASSIFICATION NUMBER
Classification number 775
Edition number 23
Item number BUC-B
100 1# - MAIN ENTRY--AUTHOR
Author Name Bucher, Chris.
245 10 - TITLE STATEMENT
Title Black and white digital photography /
Statement of responsibility, etc. Chris Bucher.
260 ## - PUBLICATION, DISTRIBUTION, ETC.
Place of Publication Indianapolis, IN :
Name of publisher, distributor, etc. Wiley Pub.,
Date of publication, distribution, etc. c2011.
300 ## - PHYSICAL DESCRIPTION
Pages 287 p. :
490 0# - SERIES STATEMENT
Series Statement Wiley's photo workshop series
500 ## - GENERAL NOTE
General note "Develop your digital photography talent"--Cover.
500 ## - GENERAL NOTE
General note Includes index.
650 #0 - SUBJECT ADDED ENTRY--TOPICAL TERM
Subject / Department Photography
General subdivision Digital techniques.
650 #0 - SUBJECT ADDED ENTRY--TOPICAL TERM
Subject / Department Black-and-white photography.
300 ## - PHYSICAL DESCRIPTION
-- ill. (some col.) ;
-- 24 cm.
906 ## - LOCAL DATA ELEMENT F, LDF (RLIN)
a 7
b cbc
c copycat
d 2
e epcn
f 20
g y-gencatlg
952 ## - LOCATION AND ITEM INFORMATION (KOHA)
-- 0
-- 0
Holdings
Lost status Damaged status Permanent Location Current Location Shelving Location Date acquired Full Call Number Accession No./Barcode Date last seen item type
    Superior Information Resource Center (SIRC) Superior University- Gold Campus Superior Information Resource Center (SIRC) Superior University- Gold Campus Image Processing 09/01/2023 775 BUC-B 2011 19753 09/01/2023 BOOK

Powered by Koha